| 000 | 00748nam a2200253 a 4500 | ||
|---|---|---|---|
| 001 | 84887 | ||
| 003 | BD-RjUL | ||
| 005 | 20250505115138.0 | ||
| 008 | 250505s1978 bg ||||| |||| 00| 0 eng d | ||
| 035 | _a(BD-RjUL)84887 | ||
| 040 |
_aBD-RjUL _beng _cBD-RjUL |
||
| 041 | _aeng | ||
| 082 |
_223 _a530.4 _bCHG 1978 |
||
| 100 |
_aChakrabarti, P. K. _915390 |
||
| 245 |
_aGeneral properties of matter / _cPradip Kumar Chakrabarti and Prabir Kumar Dasgupta |
||
| 250 | _a1st ed. | ||
| 260 |
_aNew Delhi : _bOxford and Ibh Publishing Company , _c1978 |
||
| 300 |
_a562 p.: _bill.; _c22 cm. |
||
| 650 |
_aMatter Properties _915391 |
||
| 650 | _aPhysics | ||
| 651 |
_aDifferential calculas _915392 |
||
| 700 |
_aDasgupta, P. K. _915393 |
||
| 942 |
_2ddc _cBK |
||
| 999 |
_c84887 _d84887 |
||